[Event "SVK-chT2B 1617"]
[Site "Slovakia"]
[Date "2016.12.03"]
[Round "5.1"]
[White "Ostrochovsky, Anton"]
[Black "Obona, Jan"]
[Result "0-1"]
[WhiteElo "1934"]
[BlackElo "2222"]
[PlyCount "118"]
[EventDate "2016.10.08"]
[EventType "team-tourn"]
[EventRounds "11"]
[EventCountry "SVK"]
[SourceTitle "EXT 2018"]
[Source "ChessBase"]
[SourceDate "2017.10.13"]
[SourceVersion "1"]
[SourceVersionDate "2017.10.13"]
[SourceQuality "1"]
[WhiteTeam "Povazske Podhradie"]
[BlackTeam "Povazska Bystrica II"]
[WhiteTeamCountry "SVK"]
[BlackTeamCountry "SVK"]

1. e4 c5 2. Nf3 d6 3. d4 cxd4 4. Nxd4 Nf6 5. Nc3 a6 6. Be2 e6 7. Be3 Be7 8. Qd2 b5 9. a3 Bb7 10. f3 Qc7 11. 0-0 0-0 12. Rad1 Rd8 13. Bd3 Nbd7 14. Qf2 Rac8 15. h3 d5 16. exd5 Nxd5 17. Nxd5 Bxd5 18. Ne2 Nc5 19. Nc3 Bb7 20. Be4 Nxe4 21. fxe4 Rf8 22. Rd3 f5 23. exf5 Rxf5 24. Qe2 Rxf1+ 25. Qxf1 Rf8 26. Qe2 Rf6 27. Rd4 Qe5 28. Bf2 Qxe2 29. Nxe2 Bc6 30. Rg4 Bd6 31. Ng3 Rf4 32. Rxf4 Bxf4 33. Ne2 Bd6 34. Be3 e5 35. Kf2 Kf7 36. Nc1 Ke6 37. Ne2 Be4 38. c3 Kd5 39. g3 Kc4 40. Nc1 a5 41. Bg5 a4 42. Be3 h5 43. h4 Bd3 44. Bb6 Bf5 45. Be3 Bg4 46. Bb6 Be7 47. Be3 e4 48. Bf4 Bf3 49. Be3 g6 50. Bf4 Kd5 51. Be3 Ke6 52. Na2 Kf5 53. Nc1 Kg4 54. Na2 Bd6 55. Nb4 Bxg3+ 56. Kg1 Kxh4 57. Nd5 Kg4 58. Ne7 h4 59. Nxg6 h3 0-1

[Event "SVK-chT3B2 1516"]
[Site "Slovakia"]
[Date "2016.02.21"]
[Round "8.1"]
[White "Solik, Rudolf"]
[Black "Ostrochovsky, Anton"]
[Result "0-1"]
[WhiteElo "1888"]
[BlackElo "1939"]
[PlyCount "84"]
[EventDate "2015.10.11"]
[EventType "team-tourn"]
[EventRounds "11"]
[EventCountry "SVK"]
[SourceTitle "EXT 2017"]
[Source "ChessBase"]
[SourceDate "2016.10.25"]
[SourceVersion "1"]
[SourceVersionDate "2016.10.25"]
[SourceQuality "1"]
[WhiteTeam "Dubnica nad Vahom IV"]
[BlackTeam "Povazske Podhradie"]
[WhiteTeamCountry "SVK"]
[BlackTeamCountry "SVK"]

1. e4 c5 2. c3 e6 3. d4 d5 4. exd5 exd5 5. Nf3 Nc6 6. Bb5 Bd6 7. Be3 c4 8. Bg5 f6 9. Qe2+ Nge7 10. Bh4 0-0 11. 0-0 Bf5 12. b3 Bd3 13. Qe6+ Kh8 14. bxc4 Bxf1 15. Kxf1 a6 16. c5 Bc7 17. Bd3 Qc8 18. Qe2 Qe8 19. Qc2 Ng6 20. Bg3 Bxg3 21. hxg3 Qf7 22. c4 Nf4 23. Qb3 Nxd3 24. Qxd3 dxc4 25. Qc2 Rab8 26. Nbd2 b5 27. Ne4 Ne7 28. a3 Nd5 29. Nh4 f5 30. Ng5 Qf6 31. Nhf3 h6 32. Nh3 Rbe8 33. Ne5 Rxe5 34. dxe5 Qxe5 35. Re1 Qc7 36. Re6 Qxc5 37. Re5 Qd4 38. Rxd5 Qxd5 39. Nf4 Qd6 40. Kg1 Kg8 41. a4 g5 42. Nh5 Qd3 0-1

[Event "SVK-chT3B2 1516"]
[Site "Slovakia"]
[Date "2015.11.15"]
[Round "2.1"]
[White "Ostrochovsky, Anton"]
[Black "Gombar, Peter"]
[Result "1/2-1/2"]
[WhiteElo "1939"]
[BlackElo "2018"]
[PlyCount "44"]
[EventDate "2015.10.11"]
[EventType "team-tourn"]
[EventRounds "11"]
[EventCountry "SVK"]
[SourceTitle "CBM 170 Extra"]
[Source "ChessBase"]
[SourceDate "2016.02.25"]
[SourceVersion "1"]
[SourceVersionDate "2016.02.25"]
[SourceQuality "1"]
[WhiteTeam "Povazske Podhradie"]
[BlackTeam "Povazska Bystrica III"]
[WhiteTeamCountry "SVK"]
[BlackTeamCountry "SVK"]

1. e4 e6 2. d4 d5 3. exd5 exd5 4. Bd3 Nf6 5. Nf3 Bg4 6. 0-0 Be7 7. h3 Bh5 8. Bf4 0-0 9. Nbd2 Nbd7 10. c3 c5 11. Re1 c4 12. Be2 b5 13. Ne5 Bxe2 14. Qxe2 Nxe5 15. Bxe5 Re8 16. Qf3 Qd7 17. Re3 a5 18. Rae1 Rec8 19. Qe2 g6 20. Qf3 Rc6 21. Kh1 Raa6 22. g4 Re6 1/2-1/2

[Event "SVK-chT2B 1415"]
[Site "Slovakia"]
[Date "2014.12.06"]
[Round "5.1"]
[White "Ostrochovsky, Anton"]
[Black "Obona, Jan"]
[Result "1/2-1/2"]
[WhiteElo "1962"]
[BlackElo "2166"]
[PlyCount "104"]
[EventDate "2014.10.11"]
[EventType "team-tourn"]
[EventRounds "11"]
[EventCountry "SVK"]
[SourceTitle "EXT 2019"]
[Source "ChessBase"]
[SourceDate "2018.10.10"]
[SourceVersion "1"]
[SourceVersionDate "2018.10.10"]
[SourceQuality "1"]
[WhiteTeam "Povazske Podhradie SK"]
[BlackTeam "Povazska Bystrica SKS II"]
[WhiteTeamCountry "SVK"]
[BlackTeamCountry "SVK"]

1. e4 c5 2. Nf3 d6 3. d4 cxd4 4. Nxd4 Nf6 5. Nc3 a6 6. Be2 e6 7. Be3 Be7 8. 0-0 0-0 9. Qd2 Qc7 10. Rad1 b5 11. a3 Bb7 12. f3 Rd8 13. Bd3 Nbd7 14. Qf2 d5 15. exd5 Nxd5 16. Nxd5 Bxd5 17. Nb3 Rab8 18. Nd2 Nc5 19. Ne4 Na4 20. c3 h6 21. Qc2 f5 22. Nf2 Nc5 23. Be2 Bd6 24. Bxc5 Bxc5 25. Kh1 Bd6 26. Rxd5 exd5 27. Qxf5 Qf7 28. Qh3 Re8 29. Bd3 Qe6 30. Ng4 Rf8 31. Qh5 Rbe8 32. Bc2 Bc7 33. Bd3 Re7 34. g3 Rd7 35. b3 Qe8 36. Bg6 Qe2 37. Rf2 Qe1+ 38. Kg2 Bb6 39. Rc2 Qg1+ 40. Kh3 Qf1+ 41. Rg2 Qe1 42. Ne5 Re7 43. f4 Bc7 44. Ng4 Rd7 45. Bf5 Rd6 46. Bg6 Bd8 47. Ne5 Bf6 48. Bf7+ Rxf7 49. Qxf7+ Kh7 50. Qg6+ Kg8 51. Qe8+ Kh7 52. Qg6+ Kg8 1/2-1/2

[Event "SVK-chT2B 1415"]
[Site "Slovakia"]
[Date "2014.10.12"]
[Round "2.2"]
[White "Ostrochovsky, Anton"]
[Black "Hudoba, Ondrej"]
[Result "0-1"]
[WhiteElo "1962"]
[BlackElo "2187"]
[PlyCount "176"]
[EventDate "2014.10.11"]
[EventType "team-tourn"]
[EventRounds "11"]
[EventCountry "SVK"]
[SourceTitle "EXT 2019"]
[Source "ChessBase"]
[SourceDate "2018.10.10"]
[SourceVersion "1"]
[SourceVersionDate "2018.10.10"]
[SourceQuality "1"]
[WhiteTeam "Povazske Podhradie SK"]
[BlackTeam "Levice"]
[WhiteTeamCountry "SVK"]
[BlackTeamCountry "SVK"]

1. e4 e5 2. Nf3 Nc6 3. Bb5 a6 4. Ba4 Nf6 5. 0-0 Be7 6. Re1 b5 7. Bb3 0-0 8. c3 d6 9. h3 Na5 10. Bc2 c5 11. d4 Qc7 12. Nbd2 Nc6 13. Nf1 Bb7 14. Bb1 Ne8 15. Ng3 g6 16. d5 Nd8 17. Nh2 f6 18. Bh6 Ng7 19. Bd3 c4 20. Be2 Nf7 21. Bxg7 Kxg7 22. Bg4 Bc8 23. a4 Bd7 24. Qe2 Rfb8 25. axb5 axb5 26. h4 Nh6 27. h5 f5 28. exf5 gxf5 29. Bh3 f4 30. Ne4 Bxh3 31. gxh3 Qc8 32. Ng4 Qf5 33. Kh2 Qxh5 34. Nxh6 Kxh6 35. Qxh5+ Kxh5 36. Rxa8 Rxa8 37. Rg1 Kh6 38. f3 Ra2 39. Rg2 Ra1 40. Rg1 Ra2 41. Rg2 Ra1 42. Rg1 Rxg1 43. Kxg1 Kg6 44. Kg2 Kf7 45. Kf1 Ke8 46. Ke2 Kd7 47. Kf1 Kc7 48. Ke2 Kb6 49. Kd2 Ka5 50. Kc2 Ka4 51. Kb1 b4 52. cxb4 Kxb4 53. Kc2 h6 54. Kc1 c3 55. Nxc3 Kc4 56. Kc2 Bd8 57. b4 Bc7 58. Kd2 Bb6 59. Kc2 Bd4 60. Ne4 Kxd5 61. Kd3 Ke6 62. b5 d5 63. Nd2 Bb6 64. Nb3 Kd6 65. Nd2 Kc5 66. Nf1 Kxb5 67. Nd2 Ba5 68. Nb3 Bb4 69. Nc1 Kc5 70. Na2 Ba5 71. Nc1 Kd6 72. Nb3 Bb6 73. Na1 Bc5 74. Nb3 Bb4 75. Nc1 Ke6 76. Na2 Ba5 77. Nc1 Kf5 78. Nb3 Bb6 79. Nd2 Kg5 80. Nb1 Ba5 81. Na3 Kh4 82. Nb5 Kxh3 83. Nd6 Kg2 84. Nf7 Bc7 85. Nxh6 Kxf3 86. Nf7 e4+ 87. Kd4 e3 88. Ng5+ Kg4 0-1

[Event "Senica op 5th"]
[Site "Senica"]
[Date "2013.08.03"]
[Round "1"]
[White "Ostrochovsky, Anton"]
[Black "Sosovicka, Jakub"]
[Result "1/2-1/2"]
[WhiteElo "1984"]
[BlackElo "1629"]
[PlyCount "139"]
[EventDate "2013.08.03"]
[EventType "swiss"]
[EventRounds "9"]
[EventCountry "SVK"]
[SourceTitle "CBM 156 Extra"]
[Source "ChessBase"]
[SourceDate "2013.10.22"]
[SourceVersion "1"]
[SourceVersionDate "2013.10.22"]
[SourceQuality "1"]

1. e4 e5 2. Nf3 Nf6 3. Nxe5 d6 4. Nf3 Nxe4 5. d4 d5 6. Bd3 Bd6 7. 0-0 0-0 8. c4 c6 9. cxd5 cxd5 10. Nc3 Nxc3 11. bxc3 Re8 12. Ng5 h6 13. Nf3 Nd7 14. Bd2 Nf6 15. h3 Bd7 16. Re1 Qc7 17. Qc2 Rac8 18. Qb3 Qc6 19. Rab1 b6 20. Ba6 Rxe1+ 21. Rxe1 Re8 22. Rxe8+ Bxe8 23. Bd3 Qc7 24. Qd1 Qe7 25. Nh4 Bd7 26. Nf5 Bxf5 27. Bxf5 Ne4 28. Bxe4 Qxe4 29. Be3 Qe8 30. Qg4 Kh8 31. Qf3 Qd7 32. Qe2 Qc6 33. Qd2 Kh7 34. Qd3+ Kg8 35. g3 Qa4 36. Qd2 Qc4 37. Kg2 Ba3 38. Bf4 Qb5 39. Qe3 Bb2 40. Qf3 Qc4 41. Qg4 Kh8 42. Qd7 Bxc3 43. Qxf7 Qxd4 44. Qf8+ Kh7 45. Qf5+ g6 46. Qf7+ Qg7 47. Qxd5 Qd4 48. Qf7+ Qg7 49. Qe6 Qb7+ 50. Kh2 Qg7 51. Be3 Qf6 52. Qe4 Qf7 53. Qc2 Qg7 54. h4 Be5 55. Qe4 Qf6 56. h5 Bc3 57. Qb7+ Qg7 58. hxg6+ Kxg6 59. Qe4+ Kf7 60. Qf4+ Kg6 61. Qe4+ Kf7 62. Qd5+ Kg6 63. Qe4+ Kf7 64. Qf5+ Kg8 65. Qe6+ Kh7 66. Qf5+ Kg8 67. Kg1 Bf6 68. Qe6+ Kh7 69. Qf5+ Kg8 70. Qe6+ 1/2-1/2

[Event "Zilina Region-ch"]
[Site "Zilina"]
[Date "2013.05.19"]
[Round "5"]
[White "Valicek, Jaroslav"]
[Black "Ostrochovsky, Anton"]
[Result "0-1"]
[WhiteElo "1785"]
[BlackElo "1985"]
[PlyCount "44"]
[EventDate "2013.05.17"]
[EventType "swiss"]
[EventRounds "6"]
[EventCountry "SVK"]
[SourceTitle "CBM 154 Extra"]
[Source "ChessBase"]
[SourceDate "2013.06.25"]
[SourceVersion "2"]
[SourceVersionDate "2013.06.25"]
[SourceQuality "1"]

1. e4 c5 2. c3 e6 3. Bc4 d5 4. exd5 exd5 5. Bb3 c4 6. Bc2 Bd6 7. d4 Nf6 8. Nf3 0-0 9. 0-0 Bg4 10. Bg5 Nbd7 11. Nbd2 Qc7 12. Rc1 Bxh2+ 13. Kh1 Bf4 14. Bxf4 Qxf4 15. Bb1 Rfe8 16. Re1 Rxe1+ 17. Qxe1 Re8 18. Qf1 Bxf3 19. Nxf3 Ne4 20. Re1 Ndf6 21. Bxe4 Nxe4 22. Re3 Nxf2+ 0-1

[Event "Zilina Region-ch"]
[Site "Zilina"]
[Date "2012.05.06"]
[Round "5"]
[White "Ostrochovsky, Anton"]
[Black "Mejsnar, Miroslav"]
[Result "1-0"]
[WhiteElo "1986"]
[BlackElo "1880"]
[PlyCount "67"]
[EventDate "2012.05.04"]
[EventType "swiss"]
[EventRounds "7"]
[EventCountry "SVK"]
[SourceTitle "CBM 148 Extra"]
[Source "ChessBase"]
[SourceDate "2012.06.22"]
[SourceVersion "1"]
[SourceVersionDate "2012.06.22"]
[SourceQuality "1"]

1. e4 d6 2. d4 Nf6 3. Nc3 g6 4. Nf3 Bg7 5. Bc4 0-0 6. 0-0 c6 7. e5 dxe5 8. dxe5 Qxd1 9. Rxd1 Ng4 10. Bf4 b5 11. Nxb5 Ba6 12. Na3 Bxc4 13. Nxc4 Na6 14. h3 Nh6 15. Rd7 Nb4 16. Rd2 Nf5 17. g4 Nh6 18. Ne3 f5 19. g5 Nf7 20. c3 Na6 21. b4 Nc7 22. h4 Ne6 23. Bh2 h6 24. gxh6 Nxh6 25. Rd7 f4 26. Nc4 Nf5 27. Na5 c5 28. b5 Kf7 29. Nc6 Rh8 30. a4 Nd8 31. Ng5+ Ke8 32. Rxd8+ Rxd8 33. Nxd8 Kxd8 34. Nf7+ 1-0

[Event "Zilina Region-ch"]
[Site "Zilina"]
[Date "2012.05.05"]
[Round "3"]
[White "Ostrochovsky, Anton"]
[Black "Galvanek, Ladislav"]
[Result "1/2-1/2"]
[WhiteElo "1986"]
[BlackElo "2043"]
[PlyCount "89"]
[EventDate "2012.05.04"]
[EventType "swiss"]
[EventRounds "7"]
[EventCountry "SVK"]
[SourceTitle "CBM 148 Extra"]
[Source "ChessBase"]
[SourceDate "2012.06.22"]
[SourceVersion "1"]
[SourceVersionDate "2012.06.22"]
[SourceQuality "1"]

1. e4 Nf6 2. e5 Nd5 3. d4 d6 4. c4 Nb6 5. exd6 exd6 6. Nf3 Bg4 7. Bd3 Be7 8. 0-0 0-0 9. h3 Bh5 10. Nc3 Nc6 11. Be3 d5 12. c5 Nc8 13. Be2 Bf6 14. g4 Bg6 15. Qb3 Be4 16. Qxb7 N8e7 17. g5 Rb8 18. Qa6 Bxf3 19. gxf6 Bxe2 20. Qxe2 Ng6 21. fxg7 Re8 22. Qh5 Nce7 23. Rfe1 c6 24. Bg5 Qd7 25. Bxe7 Rxe7 26. Rxe7 Qxe7 27. b3 Re8 28. Qg4 Qf6 29. Kf1 h5 30. Qg3 Qxd4 31. Re1 Rxe1+ 32. Kxe1 Qxc5 33. Kd2 Qd4+ 34. Kc2 Kxg7 35. Ne2 Qe4+ 36. Kd2 Qe5 37. f4 Qb2+ 38. Ke1 Kh7 39. Qg5 h4 40. f5 Ne5 41. Qxh4+ Kg8 42. Qg5+ Kf8 43. Qd8+ Kg7 44. Qg5+ Kf8 45. Qd8+ 1/2-1/2

[Event "Martin op"]
[Site "Martin"]
[Date "2011.11.18"]
[Round "4"]
[White "Vandlik, Jaroslav"]
[Black "Ostrochovsky, Anton"]
[Result "0-1"]
[WhiteElo "1838"]
[BlackElo "1959"]
[PlyCount "58"]
[EventDate "2011.11.16"]
[EventType "swiss"]
[EventRounds "7"]
[EventCountry "SVK"]
[SourceTitle "EXT 2012"]
[Source "ChessBase"]
[SourceDate "2011.11.24"]
[SourceVersion "1"]
[SourceVersionDate "2011.11.24"]
[SourceQuality "1"]

1. c4 Nf6 2. Nc3 g6 3. d4 Bg7 4. e4 0-0 5. e5 Ne8 6. f4 d6 7. Be3 dxe5 8. dxe5 Qxd1+ 9. Rxd1 c6 10. Bc5 Bg4 11. Be2 Bxe2 12. Ngxe2 Nc7 13. Bxe7 Re8 14. Bh4 Ne6 15. Ne4 Nxf4 16. Bf6 Nxe2 17. Kxe2 Na6 18. Rhf1 Bf8 19. Kf3 Nc5 20. Nd6 Re6 21. Kg4 Nd7 22. Nxb7 Nxe5+ 23. Bxe5 Rxe5 24. Rd7 f5+ 25. Kg3 Rae8 26. Rd3 Bb4 27. Rff3 Re4 28. a3 Be1+ 29. Rf2 Re3+ 0-1

[Event "Senica op 3rd"]
[Site "Senica"]
[Date "2011.08.27"]
[Round "8"]
[White "Steppuhn, Thomas"]
[Black "Ostrochovsky, Anton"]
[Result "1-0"]
[WhiteElo "2045"]
[BlackElo "1945"]
[PlyCount "97"]
[EventDate "2011.08.21"]
[EventType "swiss"]
[EventRounds "9"]
[EventCountry "SVK"]
[SourceTitle "CBM 144 Extra"]
[Source "ChessBase"]
[SourceDate "2011.10.28"]
[SourceVersion "1"]
[SourceVersionDate "2011.10.28"]
[SourceQuality "1"]

1. b4 b5 2. e3 e6 3. Qf3 d5 4. Bxb5+ c6 5. Ba4 Bxb4 6. Bb2 Nf6 7. Ne2 Bd6 8. Nbc3 0-0 9. g4 e5 10. g5 e4 11. Qg2 Ng4 12. Nd4 Ne5 13. Bb3 Be7 14. h4 Bg4 15. Nxe4 dxe4 16. Qxe4 Qd6 17. f4 Ned7 18. Qg2 Be6 19. Nxe6 fxe6 20. Qg4 Nc5 21. Bc4 Kh8 22. h5 Ne4 23. Bd3 Qb4 24. 0-0-0 Nf2 25. Qxe6 Nxd3+ 26. cxd3 Qd6 27. Qe4 Kg8 28. h6 g6 29. Rdf1 Rf5 30. Kb1 Rb5 31. Qc4+ Qd5 32. Qc3 Rxb2+ 33. Qxb2 Qb5 34. Rc1 Nd7 35. Qxb5 cxb5 36. Rc7 Rd8 37. Rhc1 Kf8 38. Rxa7 Ke8 39. d4 b4 40. Rc6 Kf7 41. d5 Ke8 42. Re6 Kf7 43. d4 b3 44. a3 b2 45. e4 Kf8 46. d6 Bxg5 47. fxg5 Nb6 48. Rxh7 Nc4 49. Rh8+ 1-0

[Event "Senica op 3rd"]
[Site "Senica"]
[Date "2011.08.26"]
[Round "7"]
[White "Ostrochovsky, Anton"]
[Black "Milovnik, Juraj"]
[Result "1/2-1/2"]
[WhiteElo "1945"]
[BlackElo "2045"]
[PlyCount "40"]
[EventDate "2011.08.21"]
[EventType "swiss"]
[EventRounds "9"]
[EventCountry "SVK"]
[SourceTitle "CBM 144 Extra"]
[Source "ChessBase"]
[SourceDate "2011.10.28"]
[SourceVersion "1"]
[SourceVersionDate "2011.10.28"]
[SourceQuality "1"]

1. e4 e5 2. Nf3 Nf6 3. Nxe5 d6 4. Nf3 Nxe4 5. d4 Be7 6. Bd3 Nf6 7. 0-0 0-0 8. c4 Bg4 9. Nc3 Re8 10. h3 Bh5 11. Bf4 Nbd7 12. g4 Bg6 13. Bxg6 hxg6 14. Qb3 Qc8 15. Rfe1 Nf8 16. Kg2 Ne6 17. Bg3 b6 18. Qc2 a5 19. d5 Nc5 20. Re3 Qd7 1/2-1/2

[Event "Zilina Region-ch"]
[Site "Zilina"]
[Date "2010.??.??"]
[Round "1"]
[White "Sremanak, Slavomir"]
[Black "Ostrochovsky, Anton"]
[Result "0-1"]
[WhiteElo "2150"]
[BlackElo "1960"]
[PlyCount "122"]
[EventDate "2010.??.??"]
[EventType "swiss"]
[EventRounds "7"]
[EventCountry "SVK"]
[SourceTitle "EXT 2012"]
[Source "ChessBase"]
[SourceDate "2011.11.24"]
[SourceVersion "1"]
[SourceVersionDate "2011.11.24"]
[SourceQuality "1"]

1. Nf3 Nf6 2. d4 g6 3. Nc3 d5 4. g3 Bg7 5. Bg2 0-0 6. 0-0 c6 7. Bf4 Nh5 8. Be5 f6 9. Bxb8 Rxb8 10. e4 f5 11. exd5 cxd5 12. Qd3 e6 13. Rfe1 Bd7 14. Nd1 Qb6 15. c3 Rbe8 16. Ne5 Bb5 17. Qc2 Bxe5 18. Rxe5 Nf6 19. a4 Qa6 20. Qb3 Bc4 21. Qb4 Be2 22. b3 Ng4 23. Ne3 Nxe5 24. dxe5 Qb6 25. Qxb6 axb6 26. Re1 Bh5 27. c4 d4 28. Nf1 Re7 29. f3 g5 30. Rd1 Rd8 31. Nd2 Bg6 32. Bf1 f4 33. gxf4 gxf4 34. Kf2 Bf5 35. Be2 Rg7 36. Bf1 Kf7 37. b4 Ra8 38. Ra1 Rgg8 39. Nb3 Rgd8 40. Ra2 d3 41. Ke1 Rdc8 42. c5 d2+ 43. Kxd2 Rd8+ 44. Kc3 Rac8 45. Bc4 Rd1 46. Nd4 Rc1+ 47. Kb3 Rb1+ 48. Ka3 bxc5 49. bxc5 b5 50. Bxb5 Rxc5 51. Re2 Bg6 52. Bd7 Rc3+ 53. Ka2 Re3 54. Bxe6+ Ke7 55. Rg2 Rd1 56. Nf5+ Kxe6 57. Nxe3 fxe3 58. Kb3 Rd2 59. Rg1 e2 60. Re1 Bd3 61. Kc3 Rd1 0-1